Gentilés des départements - Statistiques

Statistiques générales
  • Ce quiz a été pris 49 fois
  • Le résultat moyen est 44 sur 101
Statistiques - réponses
Département Gentilé % Correct
75 Paris Parisiens
81%
07 Ardèche Ardéchois
79%
12 Aveyron Aveyronnais
79%
16 Charente Charentais
77%
17 Charente-Maritime Charentais / Maricharentais / Charentais-Maritimes
77%
09 Ariège Ariégeois
74%
33 Gironde Girondins
74%
972 Martinique Martiniquais
74%
85 Vendée Vendéens
74%
08 Ardennes Ardennais
72%
38 Isère Isérois / Iserans
72%
73 Savoie Savoyards
72%
23 Creuse Creusois
70%
971 Guadeloupe Guadeloupéens
70%
973 Guyane Guyanais
70%
56 Morbihan Morbihannais
70%
974 La Réunion Réunionnais
70%
72 Sarthe Sarthois
70%
83 Var Varois
70%
32 Gers Gersois
67%
34 Hérault Héraultais
67%
40 Landes Landais / Landescots / Lanusquets
67%
53 Mayenne Mayennais
67%
81 Tarn Tarnais
67%
86 Vienne Viennois
67%
88 Vosges Vosgiens
67%
11 Aude Audois
65%
26 Drôme Drômois
65%
74 Haute-Savoie Haut-Savoyards
65%
51 Marne Marnais
65%
30 Gard Gardois
63%
39 Jura Jurassiens
63%
61 Orne Ornais
63%
84 Vaucluse Vauclusiens / Vauclusois
63%
10 Aube Aubois
60%
50 Manche Manchois / Manchots
60%
19 Corrèze Corréziens
58%
29 Finistère Finistériens
58%
36 Indre Indrois / Indriens / Berrichons
58%
59 Nord Nordistes
58%
31 Haute-Garonne Garonnais / Haut-Garonnais
56%
52 Haute-Marne Haut-Marnais
56%
87 Haute-Vienne Haut-Viennois
56%
57 Moselle Mosellans
56%
89 Yonne Icaunais / Yonnais
53%
46 Lot Lotois
53%
48 Lozère Lozériens
51%
55 Meuse Meusiens
49%
24 Dordogne Dordognais / Dordognots / Périgordins
47%
65 Hautes-Pyrénées Haut-Pyrénéens / Bigourdans
47%
27 Eure Eurois
44%
15 Cantal Cantalous / Cantaliens
42%
25 Doubs Doubiens / Doubistes
40%
47 Lot-et-Garonne Lot-et-Garonnais
40%
60 Oise Oisiens / Isariens
40%
69 Rhône Rhodaniens
40%
82 Tarn-et-Garonne Tarn-et-Garonnais
40%
91 Essonne Essonniens
37%
44 Loire-Atlantique Loirains / Mariligériens / Ligériens
37%
78 Yvelines Yvelinois
37%
42 Loire Ligériens
35%
58 Nièvre Nivernais
35%
54 Meurthe-et-Moselle Meurthois / Meurthe-et-Mosellans
33%
62 Pas-de-Calais Pas-de-Calaisiens
33%
67 Bas-Rhin Bas-Rhinois
30%
68 Haut-Rhin Haut-Rhinois
30%
05 Hautes-Alpes Hauts-Alpins
30%
66 Pyrénées-Orientales Catalans / Roussillonnais / Pyrénéens-Orientaux / Pyrénaliens
28%
2A Corse-du-Sud Corses du Sud
28%
976 Mayotte Mahorais
28%
77 Seine-et-Marne Seine-et-Marnais
26%
2B Haute-Corse Corses du Nord / Alticorses
23%
70 Haute-Saône Haut-Saônois
23%
45 Loiret Loirétains
23%
94 Val-de-Marne Val-de-Marnais
23%
49 Maine-et-Loire Angevins / Mainoligériens
21%
64 Pyrénées-Atlantiques Béarnais / Basques / Basco-Béarnais
21%
37 Indre-et-Loire Tourangeaux / Indroligériens / Indréloiriens
21%
13 Bouches-du-Rhône Bucco-Rhodaniens
19%
14 Calvados Calvadosiens
19%
21 Côte-d'Or Côte-d'Oriens
19%
43 Haute-Loire Loirains / Altiligériens
19%
95 Val-d'Oise Val-d'Oisiens
19%
01 Ain Aindinois
16%
22 Côtes-d'Armor Costarmoricains
14%
79 Deux-Sèvres Deux-Sévriens
14%
06 Alpes-Maritimes Azuréens / Maralpins
12%
18 Cher Berrichons
12%
35 Ille-et-Vilaine Bretilliens
12%
41 Loir-et-Cher Loir-et-Chériens / Lédocariens
12%
71 Saône-et-Loire Saône-et-Loiriens
12%
92 Hauts-de-Seine Altoséquanais / Hauts-Seinais
9%
63 Puy-de-Dôme Puydomois
9%
02 Aisne Aisniers / Axonais
7%
04 Alpes de Haute-Provence Bas-Alpins
7%
28 Eure-et-Loir Euréliens
7%
03 Allier Bourbonnais / Élavérins
5%
76 Seine-Maritime Seinomarins
2%
90 Territoire de Belfort Terrifortains
2%
80 Somme Samariens
0%
93 Seine-Saint-Denis Séquano-Dionysiens
0%
Aucun quiz correspondant
Distribution des résultats
% des personnes avec chaque résultat
Percentile par nombre de réponses
Votre historique - résultats
Vous n’avez pas pris ce quiz